| 000 | 00489nam a22001937a 4500 | ||
|---|---|---|---|
| 999 |
_c7368 _d7368 |
||
| 003 | OSt | ||
| 005 | 20220208150016.0 | ||
| 008 | 211022b ||||| |||| 00| 0 eng d | ||
| 020 | _a978938017928 | ||
| 040 | _cDDC | ||
| 082 | _aQV 600C547v | ||
| 100 |
_aClarke,M.L;[et......al] _915098 |
||
| 245 | _aVeterinary Toxicology. | ||
| 260 |
_aIndia; _bOxford Book Company, |
||
| 300 |
_a280p; _bill; _c27cm. |
||
| 504 | _aincludes index. | ||
| 650 |
_aveterinary _915099 |
||
| 942 |
_2ddc _cO_SHELF |
||